00326nam a2200121Ia 4500008004100000041001200041082001600053100001600069245006300085260003200148300000800180650001600188221030s9999 xx 000 0 und d aEnglish a105.23bDav aG. D. Davis 0aNumerical Methods in Engineering & Sciencecby G. D. Davis bAllen & Unwin PubaUKc1986 a286 aBE Computer